Studies in 20th century literature.
Збережено в:
| Нова назва: | Studies in 20th & 21st century literature |
|---|---|
| Формат: | Журнал |
| Мова: | English |
| Опубліковано: |
Manhattan, Kan. :
[s.n.],
c1977-c2003.
|
| Предмети: | |
| Теги: |
Додати тег
Немає тегів, Будьте першим, хто поставить тег для цього запису!
|
MARC
| LEADER | 00000cas a2200000 a 4500 | ||
|---|---|---|---|
| 001 | 201123 | ||
| 005 | 20150602114228.0 | ||
| 008 | 831206d19762003ksufr1p 0 a0eng d | ||
| 022 | 0 | |a 0145-7888 | |
| 040 | |a NSD |c NSD |d DLC |d OCL |d NSD |d NST |d AIP |d NSD |d DLC |d NST |d EBZ |d NST |d DLC |d IUL |d EYM |d SYS |d OCLCQ |d RBN |d WAU |d NSD |d OCL |d CRU CIICLA | ||
| 082 | |a Studies in 20th -- 809.05 S | ||
| 245 | 0 | 0 | |a Studies in 20th century literature. |
| 246 | 1 | 3 | |a Studies in twentieth century literature |
| 246 | 1 | 3 | |a STCL |
| 260 | |a Manhattan, Kan. : |b [s.n.], |c c1977-c2003. | ||
| 300 | |a volúmenes | ||
| 310 | |a Semiannual | ||
| 362 | 0 | |a Vol. 1, no. 1 (fall 1976)-v. 27, no. 2 (summer 2003). | |
| 500 | |a La Biblioteca está el volumen 14, número 1, de 1990. -- César Vallejo and the Stones of Darwinian Risk / Christiane von Buelow -- Pedro Páramo, a metaphor for the end of the world / Julio Ortega -- Modernity and marginality in Love in the time of Cholera / Mabel Moraña -- Postmodernity and fin de siecle in Uruguay / Hugo Achugar -- Pariarchy and apocalypse in Cerca del Fuego by José Agustín / Cynthia Steele -- From vision to apocalypse: the poetic subject in recent mexican poetry / Norma Klahn -- Pastiche in contemporary Latin American literature / Jean Franco. | ||
| 650 | 1 | 4 | |a LITERATURA MODERNA |x HISTORIA Y CRITICA |v PUBLICACIONES PERIODICAS |
| 770 | 0 | |t Studies in 20th century literature (Series) |w (DLC)sn 95033224 |w (OCoLC)21136204 | |
| 785 | 0 | 0 | |t Studies in 20th & 21st century literature |x 1555-7839 |w (DLC) 2004256040 |w (OCoLC)55628368 |
| 942 | |2 ddc |c CR | ||
| 999 | |c 4243 |d 4243 | ||
